[Event "21. Copenhagen Open  (Politiken Cup)"]
[Site "Copenhagen"]
[Date "1999.07.14"]
[Round "11"]
[White "Nielsen, Borge Hjerrild"]
[Black "Jessen, Simon Pind"]
[Result "1-0"]
[WhiteElo "2142"]
[BlackElo "1939"]
[PlyCount "147"]
[EventDate "1999.07.03"]
[EventType "swiss"]
[EventRounds "11"]
[EventCountry "DEN"]
[SourceDate "2004.01.01"]

1. d4 d5 2. c4 c6 3. cxd5 cxd5 4. Nc3 Nf6 5. Nf3 Nc6 6. Bf4 a6 7. e3 g6 8. Be2
Bg7 9. Ne5 O-O 10. O-O e6 11. Nxc6 bxc6 12. Na4 Nd7 13. Rc1 e5 14. dxe5 Nxe5
15. b3 Bb7 16. Nc5 Qc8 17. Qc2 Re8 18. Rfe1 Re7 19. h3 Ra7 20. Bg3 Ba8 21. Qd2
Nd7 22. Na4 Re8 23. Bd6 Bf8 24. Bxf8 Nxf8 25. Qd4 Qc7 26. Bf3 Ne6 27. Qf6 Qd6
28. Bg4 Qd8 29. Qxd8 Nxd8 30. Nc5 f5 31. Be2 Rae7 32. Bxa6 f4 33. Kf1 fxe3 34.
Rxe3 Rxe3 35. fxe3 Rxe3 36. Kf2 Re7 37. Bc8 Kf7 38. Rc3 Rc7 39. Bg4 Ke7 40. Ke3
Kd6 41. b4 Bb7 42. Kd4 h5 43. Bf3 Ne6+ 44. Nxe6 Kxe6 45. Kc5 Rd7 46. Re3+ Kf5
47. Kd4 Kf6 48. h4 Ba6 49. a3 Bb5 50. Bd1 Ra7 51. Rg3 Ba4 52. Bxa4 Rxa4 53. Kc5
Ra6 54. Re3 Kf5 55. g3 g5 56. hxg5 Kxg5 57. b5 cxb5 58. Kxd5 h4 59. gxh4+ Kxh4
60. Kc5 Rf6 61. Kxb5 Rf1 62. a4 Rb1+ 63. Ka6 Kg4 64. a5 Kf5 65. Ka7 Kf6 66. a6
Kf7 67. Ka8 Kf6 68. a7 Kf7 69. Rc3 Ke6 70. Rc8 Kd7 71. Rb8 Rg1 72. Kb7 Rb1+ 73.
Ka6 Ra1+ 74. Kb6 1-0

[Event "21. Copenhagen Open  (Politiken Cup)"]
[Site "Copenhagen"]
[Date "1999.07.14"]
[Round "11"]
[White "Nielsen, Michael Backmann"]
[Black "Gozzi, Giorgio"]
[Result "0-1"]
[WhiteElo "1514"]
[BlackElo "1657"]
[PlyCount "48"]
[EventDate "1999.07.03"]
[EventType "swiss"]
[EventRounds "11"]
[EventCountry "DEN"]
[SourceDate "2004.01.01"]

1. d4 Nf6 2. c4 c5 3. d5 b5 4. cxb5 a6 5. bxa6 Bxa6 6. Nf3 d6 7. g3 g6 8. Bg2
Bg7 9. O-O O-O 10. Nc3 Nbd7 11. Re1 Qc7 12. Bg5 Rfb8 13. Qc2 Nb6 14. e4 h6 15.
Bf4 Nfd7 16. Rab1 Nc4 17. Nd2 Nce5 18. Bxe5 Nxe5 19. f4 Bd3 20. Qc1 Ng4 21. Ra1
Bd4+ 22. Kh1 Nf2+ 23. Kg1 Rxb2 24. Nb3 Rc2 0-1

[Event "21. Copenhagen Open  (Politiken Cup)"]
[Site "Copenhagen"]
[Date "1999.07.14"]
[Round "11"]
[White "Nielsen, Morten"]
[Black "Naes, Flovin Tor"]
[Result "1-0"]
[WhiteElo "2077"]
[BlackElo "2222"]
[PlyCount "119"]
[EventDate "1999.07.03"]
[EventType "swiss"]
[EventRounds "11"]
[EventCountry "DEN"]
[SourceDate "2004.01.01"]

1. e4 e5 2. Bc4 Bc5 3. Nc3 d6 4. d3 c6 5. Bb3 Nf6 6. Qf3 Be6 7. Nge2 Na6 8. Be3
d5 9. Bxc5 Nxc5 10. Qg3 d4 11. Bxe6 Nxe6 12. Nb1 Qb6 13. b3 Qa5+ 14. Kf1 O-O
15. f3 Qc5 16. Nd2 Qxc2 17. Nc4 Nf4 18. Nxf4 exf4 19. Qxf4 Qxd3+ 20. Kf2 Qc2+
21. Qd2 Qxd2+ 22. Nxd2 Nd7 23. b4 Ne5 24. Ke2 b6 25. Nb3 Rfd8 26. Rac1 Rd6 27.
Rhd1 Rad8 28. f4 Ng4 29. Kf3 h5 30. h3 Ne3 31. Rd3 b5 32. Na5 R8d7 33. Rxc6
Rxc6 34. Nxc6 Nc2 35. Rd2 d3 36. Ne5 Rd4 37. Nxd3 Nxb4 38. Ke3 Rxd3+ 39. Rxd3
Nxd3 40. Kxd3 Kf8 41. Kd4 Ke7 42. Kc5 g5 43. fxg5 Ke6 44. Kxb5 Ke5 45. a4 Kxe4
46. Ka6 h4 47. Kxa7 Kf4 48. Kb6 Kxg5 49. a5 Kf4 50. a6 Kg3 51. a7 Kxg2 52.
a8=Q+ Kxh3 53. Qh1+ Kg3 54. Kc5 f5 55. Kd4 h3 56. Ke5 f4 57. Ke4 f3 58. Qxf3+
Kh2 59. Kf4 Kg1 60. Qxh3 1-0

[Event "21. Copenhagen Open  (Politiken Cup)"]
[Site "Copenhagen"]
[Date "1999.07.14"]
[Round "11"]
[White "Nilssen, John Arni"]
[Black "Petersen, Peter Birk"]
[Result "1/2-1/2"]
[WhiteElo "2326"]
[BlackElo "2205"]
[PlyCount "109"]
[EventDate "1999.07.03"]
[EventType "swiss"]
[EventRounds "11"]
[EventCountry "DEN"]
[SourceDate "2004.01.01"]

1. d4 Nf6 2. c4 e6 3. Nc3 Bb4 4. e3 c5 5. Bd3 Nc6 6. Nge2 cxd4 7. exd4 d5 8.
cxd5 Nxd5 9. O-O O-O 10. Bc2 b6 11. Qd3 g6 12. Bh6 Re8 13. Rad1 Bd6 14. Qd2 Ba6
15. Ba4 Rc8 16. Rfe1 Qc7 17. h4 Red8 18. Bg5 Be7 19. Nxd5 Rxd5 20. Qe3 Bxg5 21.
hxg5 Bxe2 22. Rxe2 Qd8 23. Rc2 Ne7 24. Rc3 Nf5 25. Qf4 Rxc3 26. bxc3 e5 27. Qe4
exd4 28. Bb3 Rd7 29. g4 Qxg5 30. Kf1 Ne7 31. Rxd4 Rxd4 32. cxd4 Kg7 33. Qb7
Qb5+ 34. Kg1 Qe2 35. Qd7 Qe1+ 36. Kg2 Qe4+ 37. Kg1 Qe1+ 38. Kg2 Qe4+ 39. Kh2 h5
40. gxh5 gxh5 41. Qc7 Nd5 42. Qxa7 Qxd4 43. Bxd5 Qxd5 44. Qxb6 Qxa2 45. Qd4+ f6
46. Qd7+ Qf7 47. Qd6 Qg6 48. Qe7+ Kh6 49. Qf8+ Kg5 50. Qe7 h4 51. Qe3+ Kh5 52.
Qf3+ Kh6 53. Kh3 Qg5 54. Qe4 Qb5 55. Qxh4+ 1/2-1/2

[Event "21. Copenhagen Open  (Politiken Cup)"]
[Site "Copenhagen"]
[Date "1999.07.14"]
[Round "11"]
[White "Nolsoe, Eydun"]
[Black "Jorgensen, Michael"]
[Result "0-1"]
[WhiteElo "2184"]
[BlackElo "2274"]
[PlyCount "80"]
[EventDate "1999.07.03"]
[EventType "swiss"]
[EventRounds "11"]
[EventCountry "DEN"]
[SourceDate "2004.01.01"]

1. e4 e6 2. d4 d5 3. e5 c5 4. c3 Qb6 5. Nf3 Nc6 6. a3 c4 7. Nbd2 Na5 8. Rb1 Bd7
9. Be2 Ne7 10. O-O Nc8 11. b4 cxb3 12. c4 Ba4 13. cxd5 exd5 14. Bd3 Be7 15. Bb2
Bb5 16. Qe2 a6 17. Bc1 Ba4 18. Bb2 Na7 19. Bc3 N7c6 20. e6 f6 21. Nh4 g6 22.
Qf3 O-O-O 23. Bb2 Kb8 24. Qe3 Ka8 25. f4 f5 26. Nhf3 Bf6 27. g4 fxg4 28. Ne5
Rhe8 29. Nf7 Rb8 30. f5 gxf5 31. Bxf5 Bxd4 32. Bxd4 Qxd4 33. Qxd4 Nxd4 34. Bxg4
Nxe6 35. Bf3 Nc4 36. Nxb3 Bxb3 37. Rxb3 Nd2 38. Rd3 Nxf1 39. Kxf1 Rf8 40. Ne5
Ng5 0-1

[Event "21. Copenhagen Open  (Politiken Cup)"]
[Site "Copenhagen"]
[Date "1999.07.14"]
[Round "11"]
[White "Nuoristo, Peter"]
[Black "Kragh, Niels Kristian"]
[Result "1-0"]
[WhiteElo "2266"]
[BlackElo "1813"]
[PlyCount "137"]
[EventDate "1999.07.03"]
[EventType "swiss"]
[EventRounds "11"]
[EventCountry "DEN"]
[SourceDate "2004.01.01"]

1. c4 Nc6 2. Nc3 e5 3. g3 g6 4. Bg2 Bg7 5. Nf3 d6 6. O-O f5 7. d3 Nf6 8. Rb1 a5
9. a3 O-O 10. b4 axb4 11. axb4 h6 12. Nd2 g5 13. Nd5 Ne7 14. Nxf6+ Bxf6 15. e3
g4 16. f4 Ng6 17. Bb2 h5 18. Ra1 Rb8 19. d4 h4 20. Rf2 Qe7 21. Qc2 exd4 22.
exd4 Bd7 23. Nf1 Qg7 24. Rd1 Rfe8 25. c5 dxc5 26. dxc5 c6 27. b5 Ne7 28. Bxf6
Qxf6 29. bxc6 Bxc6 30. Rd6 Qf7 31. Bxc6 Nxc6 32. gxh4 Re4 33. Ng3 Nd4 34. Rxd4
Rxd4 35. Nxf5 Rc4 36. Nh6+ Kf8 37. Nxf7 Rxc2 38. Rxc2 Kxf7 39. Kg2 Rc8 40. Kg3
b6 41. c6 b5 42. Kxg4 b4 43. h5 b3 44. Rb2 Rxc6 45. Rxb3 Rc2 46. Rb7+ Kg8 47.
h4 Rc5 48. h6 Rc4 49. Kg5 Rc6 50. f5 Rc1 51. Kg6 Rg1+ 52. Kf6 Re1 53. Rg7+ Kh8
54. Re7 Ra1 55. Kg6 Rg1+ 56. Kf7 Kh7 57. Re8 Rf1 58. f6 Rf2 59. Rd8 Re2 60. Re8
Rf2 61. Rd8 Re2 62. Kf8 Kxh6 63. f7 Kh7 64. Re8 Ra2 65. Ke7 Ra7+ 66. Ke6 Ra6+
67. Kd5 Ra5+ 68. Kc4 Ra4+ 69. Kb3 1-0

[Event "21. Copenhagen Open  (Politiken Cup)"]
[Site "Copenhagen"]
[Date "1999.07.14"]
[Round "11"]
[White "Olsen, Peter Erik"]
[Black "Vistisen, Lars"]
[Result "1-0"]
[WhiteElo "2248"]
[BlackElo "2199"]
[PlyCount "73"]
[EventDate "1999.07.03"]
[EventType "swiss"]
[EventRounds "11"]
[EventCountry "DEN"]
[SourceDate "2004.01.01"]

1. d4 Nf6 2. c4 c5 3. d5 e6 4. Nc3 exd5 5. cxd5 d6 6. e4 g6 7. Nf3 Bg7 8. h3
O-O 9. Bd3 a6 10. a4 Re8 11. O-O c4 12. Bc2 Nbd7 13. Qe2 Nc5 14. Re1 Nfxe4 15.
Bxe4 Bxc3 16. bxc3 Rxe4 17. Be3 Nb3 18. Ra2 f6 19. Qf1 Bf5 20. g4 Bd7 21. Rae2
f5 22. gxf5 Bxf5 23. Bg5 Qf8 24. Rxe4 Bxe4 25. Rxe4 Qxf3 26. Qxc4 Rf8 27. Rf4
Qd1+ 28. Kh2 Rxf4 29. Bxf4 Nd2 30. Qc8+ Kg7 31. Qd7+ Kg8 32. Qe6+ Kg7 33. Qe7+
Kg8 34. Bh6 Nf1+ 35. Kg2 Qxd5+ 36. Kxf1 Qc4+ 37. Kg1 1-0

[Event "21. Copenhagen Open  (Politiken Cup)"]
[Site "Copenhagen"]
[Date "1999.07.14"]
[Round "11"]
[White "Pedersen, Torben"]
[Black "Jacobsen, Jesper Howalt"]
[Result "1-0"]
[WhiteElo "1625"]
[BlackElo "1180"]
[PlyCount "75"]
[EventDate "1999.07.03"]
[EventType "swiss"]
[EventRounds "11"]
[EventCountry "DEN"]
[SourceDate "2004.01.01"]

1. e4 e6 2. d4 c5 3. Nf3 Nf6 4. Nc3 Be7 5. Be2 O-O 6. O-O d6 7. Bd3 b6 8. d5 e5
9. Nd2 Ne8 10. f4 exf4 11. Nf3 Nd7 12. Bxf4 f6 13. Nh4 Ne5 14. Nf5 Bxf5 15.
exf5 Nxd3 16. Qxd3 Nc7 17. Qg3 Re8 18. Rad1 Bf8 19. h4 Qd7 20. Qg4 Re7 21. Qg3
Rf7 22. Ne4 Ne8 23. Bd2 b5 24. Qg4 Qb7 25. Bf4 Rd8 26. h5 Nc7 27. h6 Nxd5 28.
Bc1 Re7 29. Rxd5 Qxd5 30. Nxf6+ Kf7 31. Nxd5 Re5 32. Nc7 Rd7 33. Ne6 gxh6 34.
Qh5+ Kg8 35. Nxf8 Kxf8 36. Bxh6+ Kg8 37. Qg5+ Kh8 38. Qf6+ 1-0

[Event "21. Copenhagen Open  (Politiken Cup)"]
[Site "Copenhagen"]
[Date "1999.07.14"]
[Round "11"]
[White "Preuss, Flemming"]
[Black "Arngrimsson, Dagur"]
[Result "0-1"]
[WhiteElo "2078"]
[BlackElo "1725"]
[PlyCount "66"]
[EventDate "1999.07.03"]
[EventType "swiss"]
[EventRounds "11"]
[EventCountry "DEN"]
[SourceDate "2004.01.01"]

1. e4 c5 2. Nf3 d6 3. d4 cxd4 4. Qxd4 Nc6 5. Bb5 Bd7 6. Bxc6 Bxc6 7. Nc3 Nf6 8.
Bg5 e6 9. O-O-O Be7 10. Rhe1 O-O 11. Qd2 Qc7 12. Nd4 Rfd8 13. f3 Rac8 14. g4 b5
15. Kb1 b4 16. Nce2 a5 17. Ng3 Ba4 18. b3 Bc6 19. Nh5 Ne8 20. Bxe7 Qxe7 21. g5
d5 22. e5 a4 23. Rg1 Qc5 24. f4 Bd7 25. Rg3 Nc7 26. Rf3 Nb5 27. Nxb5 Bxb5 28.
Ng3 d4 29. h4 Qc6 30. Rf2 d3 31. Kb2 a3+ 32. Kb1 Qc5 33. c4 bxc3 0-1

[Event "21. Copenhagen Open  (Politiken Cup)"]
[Site "Copenhagen"]
[Date "1999.07.14"]
[Round "11"]
[White "Rasmussen, Henning"]
[Black "Grigorian, Anusit"]
[Result "1-0"]
[WhiteElo "1802"]
[BlackElo "2000"]
[PlyCount "43"]
[EventDate "1999.07.03"]
[EventType "swiss"]
[EventRounds "11"]
[EventCountry "DEN"]
[SourceDate "2004.01.01"]

1. Nf3 d5 2. c4 e6 3. d4 c6 4. e3 Nf6 5. Nc3 Nbd7 6. Bd3 dxc4 7. Bxc4 Nb6 8.
Bd3 c5 9. O-O cxd4 10. Nxd4 Nbd5 11. Nxd5 Nxd5 12. Qb3 Bd6 13. Bd2 h5 14. Bb5+
Kf8 15. Ne2 h4 16. e4 h3 17. g3 Ne7 18. Bb4 Bxb4 19. Qxb4 a6 20. Rfd1 Qb6 21.
Ba4 Qc7 22. Qc5 1-0

[Event "21. Copenhagen Open  (Politiken Cup)"]
[Site "Copenhagen"]
[Date "1999.07.14"]
[Round "11"]
[White "Rasmussen, Poul"]
[Black "Simonsen, Hans Kristian"]
[Result "0-1"]
[WhiteElo "1581"]
[BlackElo "1650"]
[PlyCount "42"]
[EventDate "1999.07.03"]
[EventType "swiss"]
[EventRounds "11"]
[EventCountry "DEN"]
[SourceDate "2004.01.01"]

1. e4 c5 2. Nf3 Nc6 3. Bd3 e5 4. c3 d5 5. Bc2 Nf6 6. exd5 Qxd5 7. d3 Bg4 8.
Nbd2 O-O-O 9. h3 Bf5 10. Ne4 Nxe4 11. dxe4 Bxe4 12. Qxd5 Bxd5 13. Be3 Be7 14.
O-O Bxf3 15. gxf3 g6 16. f4 f5 17. a3 Bd6 18. fxe5 Nxe5 19. b4 b6 20. bxc5 Bxc5
21. Bg5 Nf3+ 0-1

[Event "21. Copenhagen Open  (Politiken Cup)"]
[Site "Copenhagen"]
[Date "1999.07.14"]
[Round "11"]
[White "Rosenberg, Jan"]
[Black "Nielsen, Nicholas Roland"]
[Result "0-1"]
[WhiteElo "1624"]
[BlackElo "1538"]
[PlyCount "88"]
[EventDate "1999.07.03"]
[EventType "swiss"]
[EventRounds "11"]
[EventCountry "DEN"]
[SourceDate "2004.01.01"]

1. e4 c6 2. d4 d5 3. exd5 cxd5 4. Bd3 Nc6 5. c3 Nf6 6. Bf4 g6 7. Nf3 Bg7 8. h3
O-O 9. O-O Nd7 10. Re1 Re8 11. Qe2 a6 12. Nbd2 b5 13. Qe3 Bb7 14. Bh6 Bh8 15.
Ng5 e5 16. Ndf3 e4 17. Nxf7 Kxf7 18. Ng5+ Kg8 19. Bc2 Nf6 20. Qf4 Bg7 21. Bxg7
Kxg7 22. h4 h6 23. Nh3 Qb8 24. Re3 Nh5 25. Qxb8 Raxb8 26. g4 Nf6 27. Rae1 Re7
28. Nf4 g5 29. hxg5 hxg5 30. Nh5+ Nxh5 31. gxh5 Rbe8 32. Rg3 Kh6 33. Kh2 Nd8
34. Rge3 Rf8 35. Kg3 Ref7 36. R3e2 Rf3+ 37. Kg2 Ne6 38. Kg1 R8f4 39. Bd1 Rg4+
40. Kh2 Nf4 41. Re3 Rxf2+ 42. Kh1 Rh4+ 43. Kg1 Rg2+ 44. Kf1 Rh1# 0-1

[Event "21. Copenhagen Open  (Politiken Cup)"]
[Site "Copenhagen"]
[Date "1999.07.14"]
[Round "11"]
[White "Rossen, Claus"]
[Black "Jensen, Torben W"]
[Result "0-1"]
[WhiteElo "2184"]
[BlackElo "1740"]
[PlyCount "64"]
[EventDate "1999.07.03"]
[EventType "swiss"]
[EventRounds "11"]
[EventCountry "DEN"]
[SourceDate "2004.01.01"]

1. d4 d5 2. Nf3 Nf6 3. c4 c6 4. Nc3 e6 5. Bg5 Be7 6. g3 O-O 7. Bg2 dxc4 8. Ne5
Nd5 9. Bxe7 Qxe7 10. Nxc4 Nd7 11. O-O Nxc3 12. bxc3 Nb6 13. Nxb6 axb6 14. a4
Qc7 15. f4 Bd7 16. Qb3 Ra6 17. Be4 Rfa8 18. Bd3 b5 19. f5 exf5 20. Bxf5 Bxf5
21. Rxf5 Rxa4 22. Raf1 Rf8 23. e4 Rc4 24. e5 Qd7 25. e6 Qxe6 26. Re5 Qg6 27.
Re7 Qd3 28. Qa3 Qxc3 29. Rfxf7 Qxd4+ 30. Kg2 Qd2+ 31. Kh3 Qh6+ 32. Kg2 Rc2+ 0-1

[Event "21. Copenhagen Open  (Politiken Cup)"]
[Site "Copenhagen"]
[Date "1999.07.14"]
[Round "11"]
[White "Samuelsen, Carl Eli"]
[Black "Schmidt, Horst Hubert"]
[Result "1-0"]
[WhiteElo "2060"]
[BlackElo "1672"]
[PlyCount "107"]
[EventDate "1999.07.03"]
[EventType "swiss"]
[EventRounds "11"]
[EventCountry "DEN"]
[SourceDate "2004.01.01"]

1. d4 Nf6 2. c4 e6 3. Nc3 d5 4. Bg5 Be7 5. cxd5 exd5 6. e3 Bf5 7. Bxf6 Bxf6 8.
Qb3 O-O 9. Nxd5 Be4 10. Nxf6+ Qxf6 11. Ne2 b6 12. Nf4 Nd7 13. Bd3 Qf5 14. O-O-O
Bxd3 15. Qxd3 Qa5 16. Kb1 c5 17. Qf5 Nf6 18. dxc5 bxc5 19. Rc1 Rfc8 20. Nd3 Rc6
21. Rxc5 Rxc5 22. Qxc5 Qd2 23. Qc2 Qa5 24. Rc1 Qb5 25. Qc4 Qe8 26. Ka1 a5 27.
a3 h6 28. Ka2 Rb8 29. Rc2 Ne4 30. Nf4 Nd6 31. Qd5 Nb5 32. Qc6 Qd8 33. Rc5 Nd6
34. Qc7 Qf8 35. Rd5 Ne4 36. f3 Nf6 37. Rxa5 Qe8 38. Re5 Qf8 39. Rc5 Qe8 40. e4
Nd7 41. Rc2 Nb6 42. Nd5 Na4 43. b3 Qb5 44. Qc4 Qb7 45. Qxa4 Ra8 46. Qc6 Qa7 47.
a4 Rb8 48. Qc7 Rb7 49. Qc8+ Kh7 50. Qf5+ g6 51. Nf6+ Kg7 52. Qe5 Re7 53. Ne8+
Kf8 54. Qh8# 1-0

[Event "21. Copenhagen Open  (Politiken Cup)"]
[Site "Copenhagen"]
[Date "1999.07.14"]
[Round "11"]
[White "Schmied, Andreas"]
[Black "Backlund, Anders"]
[Result "0-1"]
[WhiteElo "2162"]
[BlackElo "2265"]
[PlyCount "46"]
[EventDate "1999.07.03"]
[EventType "swiss"]
[EventRounds "11"]
[EventCountry "DEN"]
[SourceDate "2004.01.01"]

1. Nf3 c5 2. g3 Nc6 3. d4 cxd4 4. Nxd4 g6 5. Bg2 Bg7 6. Nxc6 bxc6 7. O-O Nf6 8.
c4 O-O 9. Nc3 Bb7 10. e4 d6 11. Rb1 Nd7 12. Qd2 Ne5 13. b3 c5 14. Bb2 Nc6 15.
Ne2 Bxb2 16. Rxb2 a5 17. Qh6 Ne5 18. h4 Qd7 19. f3 f5 20. exf5 Qxf5 21. g4 Qf6
22. g5 Qf5 23. Ng3 Qf4 0-1

[Event "21. Copenhagen Open  (Politiken Cup)"]
[Site "Copenhagen"]
[Date "1999.07.14"]
[Round "11"]
[White "Tjornsted, Peter"]
[Black "Auchenberg, Per"]
[Result "0-1"]
[WhiteElo "1837"]
[BlackElo "2054"]
[PlyCount "120"]
[EventDate "1999.07.03"]
[EventType "swiss"]
[EventRounds "11"]
[EventCountry "DEN"]
[SourceDate "2004.01.01"]

1. d4 f5 2. Nf3 Nf6 3. e3 g6 4. Bd3 Bg7 5. Nbd2 O-O 6. O-O Nc6 7. c3 d6 8. Ng5
e5 9. Qb3+ d5 10. dxe5 Nxe5 11. Be2 c6 12. c4 Qe7 13. cxd5 Nxd5 14. Ngf3 Be6
15. Nxe5 Bxe5 16. Nf3 Nb6 17. Qc2 Bg7 18. Bd2 Bd5 19. Bc3 Bxc3 20. Qxc3 f4 21.
Ne5 Rae8 22. exf4 Rxf4 23. Nd3 Rc4 24. Qa5 Ra4 25. Qc3 Qg5 26. f3 Rxe2 27. Rf2
Qe3 28. Raf1 Rc4 29. Qa3 Rcc2 30. Qxa7 Qxd3 31. Qxb6 Rxb2 32. Qd8+ Kf7 33. Qc7+
Kf6 34. Qd6+ Kg7 35. Qd7+ Kh6 36. Qh3+ Kg7 37. Qd7+ Kf8 38. Qd8+ Kf7 39. Qc7+
Ke6 40. Qc8+ Kd6 41. Qb8+ Kd7 42. Rxe2 Qxe2 43. Qg3 Qe3+ 44. Kh1 Qd3 45. Qh3+
Kd6 46. Kg1 Rb1 47. Rxb1 Qxb1+ 48. Kf2 Qxa2+ 49. Kg3 Qe2 50. Qxh7 Qe1+ 51. Kh3
Be6+ 52. g4 Qf2 53. Qxg6 Qxf3+ 54. Kh4 Qxg4+ 55. Qxg4 Bxg4 56. Kxg4 Ke6 57. Kg5
Kf7 58. Kh6 b5 59. Kh7 b4 60. h4 b3 0-1

[Event "21. Copenhagen Open  (Politiken Cup)"]
[Site "Copenhagen"]
[Date "1999.07.14"]
[Round "11"]
[White "Trygstad, Kristian"]
[Black "Skytte, Rasmus"]
[Result "0-1"]
[WhiteElo "2227"]
[BlackElo "2338"]
[PlyCount "78"]
[EventDate "1999.07.03"]
[EventType "swiss"]
[EventRounds "11"]
[EventCountry "DEN"]
[SourceDate "2004.01.01"]

1. e4 c5 2. Nf3 Nc6 3. d4 cxd4 4. Nxd4 Qc7 5. Nc3 e6 6. Be3 a6 7. Bd3 b5 8. O-O
Bb7 9. a3 Nf6 10. Nxc6 Qxc6 11. Bd4 Be7 12. f4 h5 13. Qe2 h4 14. b4 h3 15. gxh3
Rxh3 16. Kg2 Rh6 17. a4 Bxb4 18. axb5 axb5 19. Rxa8+ Bxa8 20. Bxb5 Qc7 21. Be5
Qc5 22. Ra1 Bb7 23. Na4 Rg6+ 24. Kf3 Qe7 25. Bxf6 Rxf6 26. Rd1 Bd6 27. Qd2
Rxf4+ 28. Qxf4 Bxf4 29. Rxd7 Bxe4+ 30. Kxe4 Qh4 31. c4 Kf8 32. c5 Bxh2+ 33. Kd3
Qb4 34. Rb7 Qa3+ 35. Kc4 g5 36. Nc3 g4 37. Rd7 Be5 38. Ne4 Qa2+ 39. Kb4 Qb1+
0-1

[Event "21. Copenhagen Open  (Politiken Cup)"]
[Site "Copenhagen"]
[Date "1999.07.14"]
[Round "11"]
[White "Ward, Christopher"]
[Black "Mortensen, Erling"]
[Result "1/2-1/2"]
[WhiteElo "2473"]
[BlackElo "2445"]
[PlyCount "78"]
[EventDate "1999.07.03"]
[EventType "swiss"]
[EventRounds "11"]
[EventCountry "DEN"]
[SourceDate "2004.01.01"]

1. d4 Nf6 2. c4 g6 3. Nc3 Bg7 4. e4 d6 5. f3 O-O 6. Nge2 c5 7. d5 e6 8. Ng3
exd5 9. cxd5 Nh5 10. Nxh5 gxh5 11. Bd3 f5 12. exf5 Bxf5 13. O-O Na6 14. Bxa6
bxa6 15. Be3 Rb8 16. Qd2 Qf6 17. Rac1 Qg6 18. b3 h4 19. Ne2 Bd3 20. Nf4 Rxf4
21. Bxf4 Bxf1 22. Kxf1 h3 23. g3 Rf8 24. Re1 Be5 25. Bxe5 Rxf3+ 26. Kg1 dxe5
27. Rxe5 Rxg3+ 28. hxg3 Qxg3+ 29. Kh1 Qxe5 30. d6 Qe4+ 31. Kh2 Qe5+ 32. Kh1
Qe4+ 33. Kh2 Qe5+ 34. Kxh3 Qf5+ 35. Kg3 Qe5+ 36. Kf3 Qf5+ 37. Kg3 Qe5+ 38. Kf3
Qf5+ 39. Kg3 Qe5+ 1/2-1/2